000
00294 a2200145 4500
001
75111
020
_a
9788576710394
040
_c
Anchieta - Colégio São Paulo
240
1
0
_a
Nomes
_l
por
245
1
0
_a
Nomes
300
_a
12
362
0
_a
2008
650
4
_a
Literatura infantil
942
_c
BK
999
_c
75111
_d
75111